| 000 | 00463nam a2200181Ia 4500 | ||
|---|---|---|---|
| 001 | 24186 | ||
| 005 | 20260414151026.0 | ||
| 008 | 260414t2008||||xx |||||||||||||| ||spa|| | ||
| 041 | _aESP | ||
| 082 |
_a792.0226 _bM26 2008 T. 1 |
||
| 100 |
_aMartí, Mónica _eAUT |
||
| 245 | 0 |
_aDecorados y vestuarios : _b¿eres tú el más fuerte? la caja de música |
|
| 260 | _c2008 | ||
| 300 |
_a _c31 cm. |
||
| 650 | _aABD | ||
| 654 | _aCAU | ||
| 942 |
_cLIB _dJUS _fJUS _2ddc _n |
||
| 999 |
_c24186 _d24186 |
||